All Valorant Agents - Statistiken

Allgemein
  • Dieses Quiz wurde 2.213 mal gespielt
    2.153 seit der letzten Aktualisierung
  • Das Durchschnittsergebnis liegt bei 15 aus 18
Antwortstatistiken
Antwort % Korrekt
Jett
95%
Brimstone
93%
Reyna
93%
Kay/o
92%
Sage
90%
Omen
86%
Raze
84%
Phoenix
82%
Breach
80%
Killjoy
80%
Cypher
79%
Skye
79%
Viper
79%
Yoru
76%
Chamber
75%
Sova
73%
Astra
71%
Neon
71%
Keine übereinstimmenden Quizze gefunden
Verteilung der Resultate
Anzahl Personen mit jedem Resultat
Perzentil nach korrekt beantworteten Fragen
Ihre Resultats-Entwicklung
Sie haben dieses Quiz seit der letzten Aktualisierung nicht gespielt